| 000 | 00366nam a22001217a 4500 | ||
|---|---|---|---|
| 020 | _a07-039770-8 | ||
| 082 | _a621.4368 MAL'D | ||
| 100 |
_aMALEEV, V. L _975448 |
||
| 245 | _aDIESEL ENGINE OPERATION AND MAINTENANCE THE CONSTRUCTION OPERATION MAINTENANCE AND REPAIR OF MODERN DIESEL ENGINES | ||
| 260 |
_aNEWYORK _bMCGRAW HILL _c1954 |
||
| 300 | _a504P | ||
| 942 | _cBK | ||
| 999 |
_c580855 _d580855 |
||